Automotive body repairing: (Record no. 89)

MARC details
000 -LEADER
fixed length control field 00563nam a22001817a 4500
005 - DATE AND TIME OF LATEST TRANSACTION
control field 20221027023921.0
008 - FIXED-LENGTH DATA ELEMENTS--GENERAL INFORMATION
fixed length control field 221027b |||||||| |||| 00| 0 eng d
020 ## - INTERNATIONAL STANDARD BOOK NUMBER
International Standard Book Number 978-93-5115-772-4
082 ## - DEWEY DECIMAL CLASSIFICATION NUMBER
Classification number 629.260288 T531i 2016
110 ## - MAIN ENTRY--CORPORATE NAME
Corporate name or jurisdiction name as entry element 3G Elearning
Relator term author
245 ## - TITLE STATEMENT
Title Automotive body repairing:
Remainder of title intermediate /
Statement of responsibility, etc. 3G Elearning
260 ## - PUBLICATION, DISTRIBUTION, ETC.
Place of publication, distribution, etc. UAE:
Name of publisher, distributor, etc. 3G Elearning,
Date of publication, distribution, etc. c2016
300 ## - PHYSICAL DESCRIPTION
Extent v, 304p.:
Other physical details col. ill.; with DVD
500 ## - GENERAL NOTE
General note Includes index
541 ## - IMMEDIATE SOURCE OF ACQUISITION NOTE
Accession number 6277
650 ## - SUBJECT ADDED ENTRY--TOPICAL TERM
Topical term or geographic name entry element Automobiles - Maintenance and repair
650 ## - SUBJECT ADDED ENTRY--TOPICAL TERM
Topical term or geographic name entry element Automobiles - Design and construction
Holdings
Withdrawn status Lost status Source of classification or shelving scheme Damaged status Not for loan Home library Current library Date acquired Total Checkouts Full call number Barcode Date last seen Copy number Price effective from Koha item type
    Dewey Decimal Classification     ctu-moalboal ctu-moalboal 10/14/2019   629.260288 T531i 2016 6277 10/27/2022 1 10/27/2022 Books-Reference